• 首页
  • 本馆介绍
  • 公告通知
  • 最新文献
  • 馆藏检索
  • 电子资源
  • 读者导购
  • 参考咨询
  • 我的图书馆
  • 登录
  • 详细信息显示
  • 放入我的书架
  • 预约/预借图书
  • 作者相关作品
  • 分类相关作品
  • 丛书相关作品
  • 出版社相关作品

书目信息

  • 表格格式
  • 工作单格式
  • 卡片格式
题名:
连续群
    
 
作者: 邦德列雅金 著 ;曹锡华 译
分册: 下册  
出版信息: 北京   科学出版社  1958
页数: 323-578页
开本: 20cm
丛书名:
单 册:
中图分类: O152.4
科图分类:
主题词: 局部李群
电子资源:
ISBN:
000 00728nam0 2200241 45
001 0178005783
005 20070924113201.46
010    @dCNY1.00
091    @a13031.799
100    @a19950726e19781958em y0chiy0121 ea
101 1  @achi@crus
102    @aCN@b110000
105    @ay z 000yy
200 10 @a连续群@Alian xu qun@h下册@f(苏)Л·С·邦德列雅金著@F(su)Л·С·bang de lie ya jin zhu@g曹锡华译
210    @a北京@c科学出版社@d1958@h1978重印
215    @a323-578页@d20cm
510 1  @aНепрерывные группы@zrus
606    @a局部李群
690    @aO152.4@v4
701  0 @a邦德列雅金@Abang de lie ya jin@4著
702  0 @a曹锡华@Acao xi hua@4译
801  0 @aCN@bTSSF@c20070924
905    @a10447@dO152.4@e31:2
    
    连续群.下册/(苏)Л·С·邦德列雅金著/曹锡华译.-北京:科学出版社,1958(1978重印)
    323-578页;20cm
    
    
    ISBN :CNY1.00
    
●
相关链接 在E读中查询图书 在五车中查询图书 在当当中查询图书 在豆瓣中查询图书


正题名:连续群     索取号:O152.4/31:2         预约/预借

序号 登录号 条形码 馆藏地/架位号 状态 备注
1 0008709   000412280   第二样本阅览室/ [索取号:O152.4/31:2] 在馆    
2 0008710   202220685   密集书库/ [索取号:O152.4/31:2] 在馆    
3 0008711   202233403   密集书库/ [索取号:O152.4/31:2] 在馆    
4 0008712   202237551   密集书库/ [索取号:O152.4/31:2] 在馆    
5 0008713   202220694   密集书库/ [索取号:O152.4/31:2] 在馆    
6 0454394   204543949   密集书库/ [索取号:O152.4/31:2] 在馆    
7 0454395   204543958   密集书库/ [索取号:O152.4/31:2] 在馆    
8 0454396   204543967   密集书库/ [索取号:O152.4/31:2] 在馆    
9 0455039   204550397   密集书库/ [索取号:O152.4/31:2] 在馆    
10 0455040   204550404   密集书库/ [索取号:O152.4/31:2] 在馆    
11 0455041   204550413   密集书库/ [索取号:O152.4/31:2] 在馆    
12 0455042   204550422   密集书库/ [索取号:O152.4/31:2] 在馆    
13 0468379   204683798   密集书库/ [索取号:O152.4/31:2] 在馆    
14 0624766   206247667   密集书库/ [索取号:O152.4/31:2] 在馆    
唐山师范学院图书馆 欢迎您!
大连网信软件有限公司© 版权所有